000 01155nam1a22002531i 4500
001 rc\1104030
005 20260406204519.0
035 _a(NLR Aleph) 008754402
090 _a7827127
_c7827127
100 _a20041126g19 9999u |0rusy50 ca
101 0 _arus
102 _aRU
105 _ay |||||||||
200 1 _aСводный каталог иностранных научно-технических периодических изданий, полученных организациями Грузинской ССР...
_fГос. ком. ГССР по науке и технике, Груз. респ. науч.-техн. б-ка им. Г.Ш. Микеладзе
210 _aТбилиси
_cБ. и.
_d1982
215 _d20
300 _aПарал. загл. на груз. яз.
712 0 2 _4570
_aГрузинская республиканская научно-техническая библиотека им. Г. Ш. Микеладзе
_cТбилиси
_3RU\NLR\AUTH\889964913
_9426039
801 0 _aRU
_bNLR
_gpsbo
801 1 _aRU
_bELAR
_2rusmarc
801 2 _aRU
_bNLR
_c20050221
_2rusmarc
852 _aNLR
_bОНЛ
942 _cBOOK